Largest Lizards - Statistics

General Stats
  • This quiz has been taken 4 times
  • The average score is 3 of 15
Answer Stats
Habitat Weight (kg) Answer % Correct
Indonesia 166 {Komodo} Dragon
100%
Latin America 9.1 {Green} Iguana
75%
Cayman 14 {Blue} Iguana
50%
Africa 20 {Nile} Monitor
25%
South America 9 {Red} Tegu
25%
Southeast Asia 25 {Asian} {Water} Monitor
0%
Tanzania 27 {Black-throated} Monitor
0%
New Guina 20 {Crocodile} Monitor
0%
Galapagos 13 {Galapagos} {Land} Iguana
0%
Philippines 8.9 {Gray's} Monitor
0%
Australia 14 {Lace} Monitor
0%
Galapagos 12 {Marine} Iguana
0%
Australia 20 {Perentie}
0%
Hispaniola 10 {Rhinoceros} Iguana
0%
Philippines 9 {Sierra} {Madre} Forest Monitor
0%
No matching quizzes found
Score Distribution
Percent of People with Each Score
Percentile by Number Answered
Your Score History
You have not taken this quiz